Chad : 2008 Article IV Consultation; Staff Report; Staff Supplement; Public Information Notice on the Executive Board Discussion; and Statement by the Executive Director for Chad.

The staff report for Chad's 2008 Article IV Consultation presents economic developments and policies. The global economic crisis has affected the budget and reserves through lower oil prices. Chad's limited financial and trade integration has insulated it from the financial crisis and ensu...

Descrizione completa

Dettagli Bibliografici
Ente Autore: International Monetary Fund
Natura: Periodico
Lingua:English
Pubblicazione: Washington, D.C. : International Monetary Fund, 2009.
Serie:IMF Staff Country Reports; Country Report ; No. 2009/068
Accesso online:Full text available on IMF
LEADER 01751cas a2200241 a 4500
001 AALejournalIMF005652
008 230101c9999 xx r poo 0 0eng d
020 |c 5.00 USD 
020 |z 9781451836509 
022 |a 1934-7685 
040 |a BD-DhAAL  |c BD-DhAAL 
110 2 |a International Monetary Fund. 
245 1 0 |a Chad :   |b 2008 Article IV Consultation; Staff Report; Staff Supplement; Public Information Notice on the Executive Board Discussion; and Statement by the Executive Director for Chad. 
264 1 |a Washington, D.C. :  |b International Monetary Fund,  |c 2009. 
300 |a 1 online resource (65 pages) 
490 1 |a IMF Staff Country Reports 
500 |a <strong>Off-Campus Access:</strong> No User ID or Password Required 
500 |a <strong>On-Campus Access:</strong> No User ID or Password Required 
506 |a Electronic access restricted to authorized BRAC University faculty, staff and students 
520 3 |a The staff report for Chad's 2008 Article IV Consultation presents economic developments and policies. The global economic crisis has affected the budget and reserves through lower oil prices. Chad's limited financial and trade integration has insulated it from the financial crisis and ensuing global recession. Risks include lower demand for exports and weaknesses in the foreign banks that own most of Chad's banking system. Chad is seriously affected by declining oil prices, which will require substantial fiscal adjustment and will lower reserves, albeit not to critical levels. 
538 |a Mode of access: Internet 
830 0 |a IMF Staff Country Reports; Country Report ;  |v No. 2009/068 
856 4 0 |z Full text available on IMF  |u http://elibrary.imf.org/view/journals/002/2009/068/002.2009.issue-068-en.xml  |z IMF e-Library